Kollárovo námestie súťažné návrhy. 1. kolo

Podrobná bibliografia
Médium: Článok
Jazyk:slovenčina
Fyzický popis:Obr.
ISSN:1336-0264
Predmet:

MARC

LEADER 00000nab a2200000 a 4500
001 vtls000862878
003 SK-MaSNL
005 20260426063324.0
008 140328c2004 xo 0 slo
015 |a SNBRB2004/02-05193 
035 |a CLN000214448 
040 |a SNKBUCL  |b slo  |c SNKBUCL  |e AACR2 
041 0 |a slo 
044 |a xo  |c SK 
080 |a 711.61(437.6):72.012  |2 1997 
245 0 0 |a Kollárovo námestie  |b súťažné návrhy. 1. kolo 
300 |b Obr. 
651 7 |a Bratislava (Slovensko)  |2 snkbucl  |9 14568 
651 7 |a Kollárovo námestie (Bratislava, Slovensko)  |2 snkbucl  |9 26887 
655 7 |a články z novín a časopisov  |2 snkbucl  |9 267496 
773 0 |t Fórum architektúry  |g Roč. 14, č. 2 (2004)  |x 1336-0264 
773 0 |t [Príl.] Informácie SKA  |g Č. 2 (2004), s. 4-14  |x 1336-0264 
850 |a Slovenská národná knižnica v Martine 
852 |a SNK  |b KIS3GCP 
958 |a SK 
992 |a RBX 
999 |c 2554809  |d 2556739